000 01528nam a22004217a 4500
001 87
003 FISKH
005 20230222100509.0
008 230222b cb ||||| |||| 00| 0 eng d
010 _a 97039169
020 _a068982078X
040 _aDLC
_cDLC
_dDLC
042 _alcac
043 _an-us---
050 0 0 _aPZ7.R553
082 0 0 _a813.54
_221
100 1 _aRobinet, Harriette.
245 1 0 _aForty acres and maybe a mule /
_cHarriette Gillem Robinet.
250 _a1st ed.
260 _aNew York
_bScholastic
_c2001
300 _a132 p. ;
_c20 cm.
500 _a"A Jean Karl book."
504 _aIncludes bibliographical references (p.132).
520 _aBorn with a withered leg and hand, Pascal, who is about twelve years old, joins other former slaves in a search for a farm and the freedom which it promises.
521 8 _a610
_bLexile
521 8 _aD
_bRaz-Plus
650 0 _aAfrican Americans
_vJuvenile fiction.
650 0 _aReconstruction (U.S. history, 1865-1877)
_vJuvenile fiction.
650 1 _aAfrican Americans
_vFiction.
650 1 _aReconstruction (U.S. history, 1865-1877)
_vFiction.
650 1 _aSlavery
_vFiction.
650 1 _aPeople with disabilities
_vFiction.
651 0 _aUnited States
_xHistory
_y1865-1898
_vJuvenile fiction.
651 1 _aUnited States
_xHistory
_y1865-1898
_vFiction.
856 4 2 _3Publisher description
_uhttp://www.loc.gov/catdir/description/simon031/97039169.html
906 _a7
_bcbc
_corignew
_d1
_eocip
_f19
_gy-gencatlg
942 _2ddc
_cBK
_n0
999 _c87
_d87